000 00872nam a2200277 a 4500
999 _c7950
_d7950
001 7950
003 BD-JhCC
005 20180215174953.0
008 781002s1978 caua b 001 0 eng d
020 _a0803907079.
_a0803907087
035 _a(BD-JhCC)7950
040 _aDLC
_cDLC
_dBD-JhCC
041 _aeng
050 0 0 _aJK271
_b.N38
082 0 0 _a309.173092
_2 320.6
_bNAT 1978
245 0 0 _aNationalizing government :
_bpublic policies in America /
_cTheodore J. Lowi, Alan Stone, editors.
260 _aBeverly Hills, Calif. :
_bSage Publications,
_cc1978.
300 _a455 p. :
_bill. ;
_c22 cm.
504 _aIncludes bibliographical references and indexes.
650 0 _aPolicy sciences.
651 0 _aUnited States
_xPolitics and government
_y1945-1989.
700 1 _aLowi, Theodore J.
700 1 _aStone, Alan,
_d1931-
942 _2ddc
_cBK